[Event "MEX-ch Nat & Int 48th"]
[Site "Hermosillo"]
[Date "2002.03.28"]
[Round "3"]
[White "Vargas Solano, Enrique"]
[Black "Ramirez, Alonso"]
[Result "0-1"]
[WhiteElo "2079"]
[BlackElo "2288"]
[PlyCount "74"]
[EventDate "2002.03.26"]
[EventType "swiss"]
[EventRounds "9"]
[EventCountry "MEX"]
[SourceTitle "CBM 087 Extra"]
[Source "ChessBase"]
[SourceDate "2002.05.03"]
[SourceVersion "2"]
[SourceVersionDate "2002.08.09"]
[SourceQuality "1"]

1. e4 c5 2. Nf3 d6 3. d4 cxd4 4. Nxd4 Nf6 5. Nc3 g6 6. Be3 Bg7 7. f3 0-0 8. Qd2 Nc6 9. 0-0-0 d5 10. Kb1 Nxd4 11. Bxd4 dxe4 12. fxe4 Be6 13. Bxf6 exf6 14. Qxd8 Raxd8 15. Nd5 f5 16. Bc4 fxe4 17. Rhe1 f5 18. Nf6+ Kf7 19. Bxe6+ Kxe6 20. Nxh7 Rh8 21. Ng5+ Kf6 22. Nh3 Ke5 23. Rd3 Bh6 24. Rb3 b6 25. Ng1 Bd2 26. Nf3+ Kf6 27. Nxd2 Rxd2 28. Ra3 Rh7 29. Rg1 Rxh2 30. g3 Rxc2 31. Rb3 g5 32. Rf1 Ke5 33. a4 Rc5 34. Ra3 f4 35. gxf4+ gxf4 36. Rg1 e3 37. Rg8 Ke4 0-1

[Event "ARG-Cup"]
[Site "Argentina"]
[Date "1995.??.??"]
[Round "2"]
[White "Guzzardo, Rogelio Antonio"]
[Black "Vargas Solano, Enrique"]
[Result "1-0"]
[WhiteElo "2105"]
[BlackElo "2165"]
[PlyCount "129"]
[EventDate "1995.??.??"]
[EventType "swiss"]
[EventRounds "5"]
[EventCountry "ARG"]
[SourceTitle "EXT 1997"]
[Source "ChessBase"]
[SourceDate "1996.11.15"]
[SourceVersion "1"]
[SourceVersionDate "1996.11.15"]
[SourceQuality "1"]

1. e4 c5 2. Nc3 d6 3. g3 Nc6 4. Bg2 g6 5. d3 Bg7 6. f4 e6 7. Nf3 Nge7 8. 0-0 0-0 9. Rb1 b6 10. Bd2 Bb7 11. a3 a5 12. a4 Qd7 13. Nb5 Na7 14. c4 Nxb5 15. axb5 d5 16. Qe2 Rae8 17. b3 dxc4 18. dxc4 Rd8 19. Rfd1 Qc8 20. Be1 Rxd1 21. Rxd1 Rd8 22. Rd3 Rxd3 23. Qxd3 Qc7 24. Ne5 Nc8 25. Bc3 Qd6 26. Qe2 Ne7 27. Kf2 g5 28. Qd2 Qxd2+ 29. Bxd2 Bxe5 30. fxe5 Ng6 31. Bxg5 Nxe5 32. Ke2 Kg7 33. Bd8 Nd7 34. Ke3 Kg6 35. Bf3 Ba8 36. g4 Bb7 37. h4 Ba8 38. Be2 Bb7 39. Bd3 Kg7 40. Kf4 h6 41. Be2 Ba8 42. Bf3 Bb7 43. g5 hxg5+ 44. Kxg5 Ba8 45. Bc7 Bb7 46. Kf4 Ba8 47. h5 Bb7 48. Bd8 Ba8 49. Be7 Bb7 50. Bg5 f6 51. Bh4 Nf8 52. Bg4 Bc8 53. e5 f5 54. Bf3 Nd7 55. Bd8 Kh6 56. Bc6 Kxh5 57. Bxd7 Bxd7 58. Bxb6 Kg6 59. Bxa5 Kf7 60. Bb6 Ke7 61. Bxc5+ Kd8 62. Bf2 Kc7 63. Ke3 Bc8 64. Kd4 Kb6 65. Kc3+ 1-0